000 00822nam a2200253Ia 4500
003 OSt
005 20221005113305.0
006 a|||||r|||| 00| 0
007 ta
008 221004b |||||||| |||| 00| 0 pan d
020 _c200
024 _a14903
037 _b823, 13/03/2014, H.K. Prakashan
_cTextual
040 _aCRL
_cCRL
_bpan
041 _2pan
_apan
082 _aG1, 153Q3
100 _aਣੀਜ
245 0 _aਜੀਵਨ ਕੀ ਹੈ
260 _aਪਟਿਆਲਾ
_bਪੰਜਾਬੀ ਯੂਨੀਵਰਸਿਟੀ ਭਾਰਤ
_c2013
300 _a145ਪੰ
_ccm.
700 _aਰਅ, ਛਚਗਹਜਵ ਛਜਅਪੀ
942 _hG1, 153Q3
_cTEXL
_2cc
999 _c1027677
_d1027677